History Quiz

Random History or Clickable Quiz

Holocaust Quiz Stats

 Plays Quiz not verified by Sporcle

Also try: 'Q' in History
Challenge
Share
Tweet
Embed
Score 0/17 Timer 15:00
0 Plays Today
% Correct
6 million
87.9%
Anne Frank
86.5%
A Yellow Badge
86%
Adolf Hitler
84.3%
The ghettos were a place where Jews were crammed in at.
83.2%
Towels, toothbrushes, medicine, hairbrushes, and toothpaste
82.7%
'Gas Chambers' were used to kill Jews.
82.2%
She kept her diary on her desk in her room.
82.2%
in the three levels of a house such as the (Attic, Anne Franks Room,and Van Pels Family room.)
79.6%
% Correct
The Nazi party, Adolf Hitler, and Nazi Germany.
78.5%
Camps were Jews went to be killed.
76.2%
June 12,1929
73.6%
April 30, 1945
66.7%
August 4, 1944
57.3%
Amsterdam
46.5%
Early March 1945
44.7%
January 30,1933 - March 8, 1945
22.8%

You're not logged in!

Compare scores with friends on all Sporcle quizzes.
OR
Log In

You Might Also Like...

Show Comments

Extras

Created May 27, 2014ReportNominate
Tags:Clickable Quiz, holocaust

Top Quizzes Today


Score Distribution

Your Account Isn't Verified!

In order to create a playlist on Sporcle, you need to verify the email address you used during registration. Go to your Sporcle Settings to finish the process.

Report this User

Report this user for behavior that violates our Community Guidelines.

Details: